<?xml version="1.0" encoding="UTF-8"?><?xml-stylesheet type="text/xsl" href="static/style.xsl"?><OAI-PMH xmlns="http://www.openarchives.org/OAI/2.0/" xmlns:xsi="http://www.w3.org/2001/XMLSchema-instance" xsi:schemaLocation="http://www.openarchives.org/OAI/2.0/ http://www.openarchives.org/OAI/2.0/OAI-PMH.xsd"><responseDate>2026-04-14T08:35:17Z</responseDate><request verb="GetRecord" identifier="oai:www.recercat.cat:10230/32622" metadataPrefix="marc">https://recercat.cat/oai/request</request><GetRecord><record><header><identifier>oai:recercat.cat:10230/32622</identifier><datestamp>2025-12-19T20:29:17Z</datestamp><setSpec>com_2072_6</setSpec><setSpec>col_2072_452954</setSpec></header><metadata><record xmlns="http://www.loc.gov/MARC21/slim" xmlns:dcterms="http://purl.org/dc/terms/" xmlns:xsi="http://www.w3.org/2001/XMLSchema-instance" xmlns:doc="http://www.lyncode.com/xoai" xsi:schemaLocation="http://www.loc.gov/MARC21/slim http://www.loc.gov/standards/marcxml/schema/MARC21slim.xsd">
   <leader>00925njm 22002777a 4500</leader>
   <datafield ind2=" " ind1=" " tag="042">
      <subfield code="a">dc</subfield>
   </datafield>
   <datafield ind2=" " ind1=" " tag="720">
      <subfield code="a">Torres de la Torre, Martin</subfield>
      <subfield code="e">author</subfield>
   </datafield>
   <datafield ind2=" " ind1=" " tag="260">
      <subfield code="c">2017-07-25T07:41:47Z</subfield>
   </datafield>
   <datafield ind2=" " ind1=" " tag="260">
      <subfield code="c">2017-07-25T07:41:47Z</subfield>
   </datafield>
   <datafield ind2=" " ind1=" " tag="260">
      <subfield code="c">2017</subfield>
   </datafield>
   <datafield ind2=" " ind1=" " tag="520">
      <subfield code="a">Treball de l’assignatura Art del s.XIX, dels estudis de Grau en Humanitats. Curs 2016-2017</subfield>
   </datafield>
   <datafield ind2=" " ind1=" " tag="520">
      <subfield code="a">Coordinació: Núria F. Rius</subfield>
   </datafield>
   <datafield ind2=" " ind1=" " tag="520">
      <subfield code="a">Francesc Llorens i Riu (1864-1925) va ser un mestre fuster, il·lustrador, pintor i arqueòleg&#xd;
d’art català de la ciutat de Barcelona. Fill del també mestre fuster i arqueòleg d’art català,&#xd;
Francesc Llorens i Geramés, va heretar, juntament amb el seu germà Josep Llorens i&#xd;
Riu, una fusteria al Bou de la Plaça Nova.&#xd;
Va ser membre de la Joventut Catalanista i de l ’Associació Artística-Arqueològica&#xd;
Barcelonina. La seva activitat com antiquari va estar molt vinculada amb la Junta de&#xd;
Museus.</subfield>
   </datafield>
   <datafield tag="653" ind2=" " ind1=" ">
      <subfield code="a">Llorens i Riu, Francesc (1864-1925)</subfield>
   </datafield>
   <datafield ind2="0" ind1="0" tag="245">
      <subfield code="a">Francesc Llorens i Riu</subfield>
   </datafield>
</record></metadata></record></GetRecord></OAI-PMH>